Shaheen / شاہین (Urdu) / (Record no. 592911)
[ view plain ]
| 000 -LEADER | |
|---|---|
| fixed length control field | 00368nam a22001337a 4500 |
| 003 - CONTROL NUMBER IDENTIFIER | |
| control field | NUST |
| 082 ## - DEWEY DECIMAL CLASSIFICATION NUMBER | |
| Classification number | 891.4392,HIJ |
| 100 ## - MAIN ENTRY--PERSONAL NAME | |
| Personal name | Hijazi, Naseem |
| 9 (RLIN) | 51835 |
| 245 ## - TITLE STATEMENT | |
| Title | Shaheen / شاہین (Urdu) / |
| Statement of responsibility, etc. | Naseem Hijazi |
| 260 ## - PUBLICATION, DISTRIBUTION, ETC. | |
| Place of publication, distribution, etc. | Lahore |
| Name of publisher, distributor, etc. | Jahanger Books |
| 300 ## - PHYSICAL DESCRIPTION | |
| Extent | 527 p.; |
| 650 ## - SUBJECT ADDED ENTRY--TOPICAL TERM | |
| Topical term or geographic name entry element | Urdu Literature |
| General subdivision | Novel Badr bin Mughira |
| 9 (RLIN) | 110188 |
| 942 ## - ADDED ENTRY ELEMENTS (KOHA) | |
| Source of classification or shelving scheme | |
| Koha item type | Book |
| Call number prefix | 891.4392,HIJ |
| Withdrawn status | Lost status | Source of classification or shelving scheme | Damaged status | Not for loan | Permanent Location | Current Location | Shelving location | Date acquired | Shelving control number | Total Checkouts | Full call number | Barcode | Checked out | Date last seen | Date last checked out | Price effective from | Koha item type | Public note |
|---|---|---|---|---|---|---|---|---|---|---|---|---|---|---|---|---|---|---|
| Military College of Signals (MCS) | Military College of Signals (MCS) | General Stacks | 01/06/2023 | Urdu Literature | 5 | 891.4392,HIJ | MCS38256 | 12/09/2025 | 08/11/2025 | 08/11/2025 | 01/06/2023 | Book | Almirah No.66, Shelf No.2 |
